[Event "C.to Provinciale PC"]
[Site "Piacenza ITA"]
[Date "2011.04.01"]
[Round "1"]
[White "Bonade', Massimo"]
[Black "Bongiorni, Gabriele"]
[Result "1-0"]
[WhiteElo "2073"]
[BlackElo "1790"]
[PlyCount "63"]
[EventDate "2011.04.01"]

1. d4 d5 2. c4 Nf6 3. Nc3 e6 4. cxd5 exd5 5. Bg5 Be7 6. Qc2 Be6 7. e3 O-O 8.
Bd3 Nbd7 9. Nge2 Re8 10. h3 Nf8 11. O-O c6 12. Rab1 N6d7 13. Bf4 Ng6 14. Bh2
Ndf8 15. b4 Bd6 16. b5 Bxh2+ 17. Kxh2 Rc8 18. bxc6 Qc7+ 19. Kg1 bxc6 20. Na4
Nh4 21. Nf4 g6 22. Nc5 Nf5 23. Rb7 Qd8 24. Rxa7 Qg5 25. Ncxe6 Nxe6 26. Nxe6
Rxe6 27. Bxf5 gxf5 28. Qd1 c5 29. dxc5 Rxc5 30. Ra8+ Kg7 31. Qd4+ Kh6 32. Qxc5
1-0

[Event "C.to Provinciale PC"]
[Site "Piacenza ITA"]
[Date "2011.04.01"]
[Round "1"]
[White "De Santis, Alessio"]
[Black "Pinna, Ferdinando"]
[Result "1/2-1/2"]
[WhiteElo "2295"]
[BlackElo "1885"]
[PlyCount "217"]
[EventDate "2011.04.01"]

1. d4 Nf6 2. c4 g6 3. Nc3 d5 4. cxd5 Nxd5 5. e4 Nxc3 6. bxc3 Bg7 7. Bc4 c5 8.
Ne2 Nc6 9. Be3 O-O 10. Rc1 cxd4 11. cxd4 Qa5+ 12. Kf1 Qa3 13. Rc3 Qd6 14. h4 h5
15. f3 Rd8 16. Kf2 Nxd4 17. Nxd4 Bxd4 18. Qxd4 Qxd4 19. Bxd4 Rxd4 20. Ke3 Rd6
21. Rb1 Rc6 22. Rbb3 Rxc4 23. Rxc4 Be6 24. Rc7 Bxb3 25. axb3 e6 26. Rxb7 a5 27.
Kf4 a4 28. bxa4 Rxa4 29. g4 Ra5 30. e5 Kg7 31. Rb4 Kh6 32. Re4 Ra3 33. Rc4 Ra5
34. Rc7 Kg7 35. Rc8 Rb5 36. Ra8 Rb4+ 37. Kg5 Rb5 38. Kf4 Rb4+ 39. Kg3 Rb5 40.
gxh5 Rxe5 41. hxg6 fxg6 42. Kg4 Kf6 43. Rf8+ Kg7 44. Rf4 Ra5 45. Re4 Kf6 46.
Rf4+ Kg7 47. Rb4 Kf6 48. Rb8 Ra4+ 49. Kg3 Kf7 50. Rb5 Kf6 51. Rg5 e5 52. Rg4
Ra3 53. Rb4 Rd3 54. Rb6+ Kf5 55. Rb8 Kf6 56. Rb4 Kf5 57. Ra4 Rd4 58. Ra5 Kf6
59. Ra8 Kf7 60. Ra6 Rb4 61. Rd6 Ra4 62. Rd1 Rb4 63. Re1 Kf6 64. Re4 Rb3 65. Kg4
Ra3 66. Rb4 Ra6 67. Rc4 Rb6 68. Ra4 Rc6 69. Ra8 Rc4+ 70. Kg3 Kf7 71. Rh8 Kg7
72. Rd8 Kf7 73. Rd7+ Kf6 74. Rh7 Ra4 75. h5 gxh5 76. Rxh5 Rb4 77. Rh6+ Kf5 78.
Rh8 Ra4 79. Rf8+ Kg6 80. Kf2 Kg5 81. Ke3 Rb4 82. Rf7 Ra4 83. Kf2 Rb4 84. Kg3
Ra4 85. Rh7 Rb4 86. Rh1 Ra4 87. Re1 Kf5 88. Re3 Rd4 89. Ra3 Rb4 90. Rc3 Ra4 91.
Rc8 Rb4 92. Rf8+ Kg5 93. Kf2 Ra4 94. Ke2 Rb4 95. Rg8+ Kf5 96. Rh8 Rb2+ 97. Ke3
Rb3+ 98. Kf2 Rb2+ 99. Kg3 Rb4 100. Rh5+ Kf6 101. Kf2 Ra4 102. Ke3 Rb4 103. Rh8
Kf5 104. Rf8+ Ke6 105. Kd3 Ra4 106. Kc3 Rh4 107. Rd8 Rf4 108. Rd3 e4 109. fxe4
1/2-1/2

[Event "C.to Provinciale PC"]
[Site "Piacenza ITA"]
[Date "2011.04.01"]
[Round "1"]
[White "Falsetti, Paolo"]
[Black "Losi, Paolo"]
[Result "1-0"]
[WhiteElo "1887"]
[BlackElo "1572"]
[PlyCount "43"]
[EventDate "2011.04.01"]

1. f4 d5 2. e3 c5 3. b3 Nf6 4. Bb2 Bg4 5. Be2 Bxe2 6. Qxe2 Nbd7 7. Nf3 e6 8.
O-O Bd6 9. c4 Nb6 10. e4 dxe4 11. Ng5 Qc7 12. Nxe4 Nxe4 13. Qxe4 Rg8 14. Nc3 a6
15. Kh1 O-O-O 16. Rad1 g5 17. f5 exf5 18. Qxf5+ Kb8 19. d4 Rdf8 20. Ne4 Bxh2
21. dxc5 Bf4 22. Rxf4 1-0

[Event "C.to Provinciale PC"]
[Site "Piacenza ITA"]
[Date "2011.04.01"]
[Round "1"]
[White "Rizzi, Pietro"]
[Black "Castrogiovanni, Carlo"]
[Result "0-1"]
[WhiteElo "1598"]
[BlackElo "2031"]
[PlyCount "92"]
[EventDate "2011.04.01"]

1. e4 c5 2. c3 d5 3. exd5 Qxd5 4. d4 Nf6 5. Nf3 e6 6. Be2 cxd4 7. Qxd4 Nc6 8.
Qxd5 Nxd5 9. O-O Be7 10. Rd1 O-O 11. Nbd2 Nf4 12. Bf1 Rd8 13. b3 e5 14. Bb2 Bf5
15. Nc4 f6 16. Ne3 Bd3 17. Bxd3 Nxd3 18. Rab1 Kf7 19. Kf1 Bc5 20. Ne1 Nxb2 21.
Rxd8 Rxd8 22. Rxb2 Ne7 23. Ke2 Rc8 24. Rc2 Bxe3 25. fxe3 Nf5 26. g3 Ke6 27. e4
Nd6 28. Ke3 h5 29. c4 b6 30. Nd3 Nb5 31. c5 Nd4 32. Rc3 g6 33. a4 f5 34. b4 b5
35. a5 Nc6 36. Rc1 Rd8 37. Rb1 Rd4 38. exf5+ gxf5 39. h4 a6 40. Rb2 Ne7 41. c6
Nd5+ 42. Ke2 Nc3+ 43. Kd2 e4 44. Kxc3 Rxd3+ 45. Kc2 Rxg3 46. Kd1 Rg1+ 0-1

[Event "C.to Provinciale PC"]
[Site "Piacenza ITA"]
[Date "2011.04.01"]
[Round "1"]
[White "Tagliaferri, Valerio"]
[Black "Salami, Marco"]
[Result "0-1"]
[WhiteElo "1852"]
[BlackElo "2206"]
[PlyCount "248"]
[EventDate "2011.04.01"]

1. c4 f5 2. d4 Nf6 3. Nc3 d6 4. Bf4 g6 5. Nf3 Bg7 6. e3 O-O 7. Be2 a5 8. O-O
Nc6 9. d5 Nb4 10. a3 Na6 11. Nd4 Nc5 12. Qc2 a4 13. Bf3 Bd7 14. Rad1 Qc8 15.
Bg3 g5 16. h3 h5 17. h4 g4 18. Be2 Nfe4 19. Nxe4 Nxe4 20. Bf4 c5 21. Nb5 Bxb5
22. cxb5 c4 23. Bxc4 Qc5 24. f3 Nf6 25. Bd3 Qxc2 26. Bxc2 gxf3 27. gxf3 Nd7 28.
Rb1 Nc5 29. Kf2 Bf6 30. Rg1+ Kf7 31. Bg5 f4 32. Bxf6 fxe3+ 33. Kxe3 Kxf6 34.
Rg6+ Kf7 35. Rg5 Rh8 36. Bg6+ Kf6 37. Rbg1 e6 38. dxe6 Kxe6 39. Bxh5 Rh6 40.
Rg6+ Rxg6 41. Rxg6+ Kd5 42. Rg4 Ke5 43. f4+ Ke6 44. Rg6+ Ke7 45. f5 Rh8 46. f6+
Ke6 47. Bg4+ Kf7 48. h5 Re8+ 49. Kd4 Re5 50. Bf3 Ne6+ 51. Kc4 Rc5+ 52. Kb4 b6
53. Kxa4 Nd4 54. b4 Rc3 55. Bd1 Nf5 56. Bb3+ Ke8 57. f7+ Ke7 58. Re6+ Kxf7 59.
Rxd6+ Rxb3 60. Rxb6 Rh3 61. h6 Nd4 62. Rb7+ Ke6 63. h7 Nc2 64. Ka5 Rxa3+ 65.
Kb6 Rh3 66. Kc5 Rh5+ 67. Kc4 Rh4+ 68. Kc3 Nxb4 69. b6 Nd5+ 70. Kb3 Kd6 71. Rg7
Nxb6 72. Rg6+ Kc5 73. Rg5+ Nd5 74. Rg7 Nf6 75. Rg5+ Kd6 76. Rg6 Ke6 77. Rg7
Nxh7 78. Rg6+ Nf6 79. Kc3 Kf5 80. Rg1 Re4 81. Rf1+ Ke5 82. Kd3 Rd4+ 83. Ke2 Nd5
84. Re1 Kf4 85. Rf1+ Ke4 86. Rh1 Nf4+ 87. Kf2 Rd3 88. Re1+ Kf5 89. Re3 Rd8 90.
Rf3 Rd2+ 91. Ke3 Rd3+ 92. Kf2 Rd8 93. Ke3 Rd3+ 94. Kf2 Rd4 95. Ke3 Ke5 96. Kf2
Rd2+ 97. Ke1 Ra2 98. Kd1 Ke4 99. Rg3 Ng2 100. Rg4+ Kd3 101. Rg3+ Ne3+ 102. Kc1
Re2 103. Rg8 Rc2+ 104. Kb1 Rh2 105. Rd8+ Kc3 106. Rc8+ Nc4 107. Ka1 Kb3 108.
Rb8+ Ka4 109. Ra8+ Kb3 110. Rb8+ Kc3 111. Rc8 Rh7 112. Ka2 Rb7 113. Ka1 Rb4
114. Ra8 Kc2 115. Ka2 Rb2+ 116. Ka1 Rb4 117. Ka2 Nb6 118. Ra6 Rb3 119. Ka1 Rb1+
120. Ka2 Rb4 121. Ka1 Na4 122. Rh6 Rb1+ 123. Ka2 Nc3+ 124. Ka3 Rb3# 0-1

[Event "C.to Provinciale PC"]
[Site "Piacenza ITA"]
[Date "2011.04.02"]
[Round "2"]
[White "Bongiorni, Gabriele"]
[Black "De Santis, Alessio"]
[Result "0-1"]
[WhiteElo "1790"]
[BlackElo "2295"]
[PlyCount "58"]
[EventDate "2011.04.01"]

1. d4 b6 2. c4 Bb7 3. Nf3 e6 4. g3 c5 5. d5 exd5 6. cxd5 d6 7. Nc3 Nf6 8. e4
Be7 9. b3 O-O 10. Bb2 Re8 11. Qc2 Bf8 12. O-O-O a6 13. Nh4 b5 14. f4 Nbd7 15.
Bg2 c4 16. b4 a5 17. a3 axb4 18. axb4 Qb6 19. Rhe1 Ng4 20. Qe2 Nf2 21. Nf5 g6
22. Nd4 Nxd1 23. Rxd1 Bg7 24. Nc6 Rac8 25. Qf3 Bxc6 26. dxc6 Qxc6 27. Nd5 c3
28. Ba1 c2 29. Rd4 Qa8 0-1

[Event "C.to Provinciale PC"]
[Site "Piacenza ITA"]
[Date "2011.04.02"]
[Round "2"]
[White "Castrogiovanni, Carlo"]
[Black "Bonade', Massimo"]
[Result "0-1"]
[WhiteElo "2031"]
[BlackElo "2073"]
[PlyCount "80"]
[EventDate "2011.04.01"]

1. d4 b6 2. c4 Bb7 3. Nf3 e6 4. a3 f5 5. Nc3 Nf6 6. Bf4 Be7 7. e3 O-O 8. Be2
Ne4 9. h3 g5 10. Bg3 Nxg3 11. fxg3 Bd6 12. Kf2 a6 13. Qc2 Nc6 14. b4 Qf6 15. c5
Be7 16. Rad1 Rf7 17. d5 Ne5 18. cxb6 cxb6 19. Nd4 Rc8 20. Rhf1 b5 21. Kg1 Nc4
22. Bxc4 Rxc4 23. Qd3 Qe5 24. e4 Bf6 25. Nce2 fxe4 26. Qe3 Bxd5 27. Nb3 d6 28.
Na5 Rc8 29. Nd4 Rfc7 30. Ne2 h6 31. Nd4 Rc3 32. Qe2 Rxg3 33. Qh5 Kg7 34. Ne2
Rd3 35. Rc1 Bc4 36. Rf2 Rxa3 37. Rcf1 Ra1 38. Rxf6 Qxf6 39. Rxa1 Qxa1+ 40. Kh2
Qe5+ 0-1

[Event "C.to Provinciale PC"]
[Site "Piacenza ITA"]
[Date "2011.04.02"]
[Round "2"]
[White "Losi, Paolo"]
[Black "Rizzi, Pietro"]
[Result "1-0"]
[WhiteElo "1572"]
[BlackElo "1598"]
[PlyCount "95"]
[EventDate "2011.04.01"]

1. d4 f5 2. c4 Nf6 3. Nc3 g6 4. g3 Bg7 5. Nh3 O-O 6. Bg2 c6 7. Bg5 d6 8. Qd2
Na6 9. a3 Nc7 10. Rd1 Bd7 11. e3 Ne6 12. Bxf6 Bxf6 13. b4 Ng5 14. Nf4 Ne6 15.
Nce2 a5 16. Nxe6 Bxe6 17. d5 Bd7 18. Nf4 axb4 19. axb4 Ra3 20. Rc1 Qa8 21. O-O
Ra2 22. Rc2 Rxc2 23. Qxc2 Qa3 24. Rb1 Rb8 25. h4 c5 26. b5 Ra8 27. Bf1 Qc3 28.
Qxc3 Bxc3 29. h5 g5 30. Nh3 h6 31. f4 g4 32. Nf2 Kg7 33. Rb3 Bb4 34. Bd3 e6 35.
e4 Kf6 36. dxe6 Bxe6 37. exf5 Bxf5 38. Bxf5 Kxf5 39. Rd3 Rd8 40. Rd5+ Kf6 41.
Nxg4+ Kg7 42. Ne3 Re8 43. Nf5+ Kf6 44. Nxd6 Re1+ 45. Kf2 Rc1 46. g4 Be1+ 47.
Ke2 Bg3 48. Ne4+ 1-0

[Event "C.to Provinciale PC"]
[Site "Piacenza ITA"]
[Date "2011.04.02"]
[Round "2"]
[White "Pinna, Ferdinando"]
[Black "Tagliaferri, Valerio"]
[Result "0-1"]
[WhiteElo "1885"]
[BlackElo "1852"]
[PlyCount "52"]
[EventDate "2011.04.01"]

1. e4 e6 2. d4 d5 3. Nc3 Nf6 4. e5 Nfd7 5. f4 c5 6. Nf3 Nc6 7. Be3 Qb6 8. Na4
Qa5+ 9. c3 cxd4 10. Nxd4 Nxd4 11. Bxd4 b5 12. b4 Qxa4 13. Qxa4 bxa4 14. Bb5 Bb7
15. Bxa4 Be7 16. O-O Kd8 17. Rfd1 Nb6 18. Bb5 Kc7 19. c4 dxc4 20. Bxb6+ Kxb6
21. Rd7 Rhe8 22. Bxc4 Bc6 23. Rd3 Red8 24. Rc3 Rd2 25. g3 Rg2+ 26. Kf1 Rxh2 0-1

[Event "C.to Provinciale PC"]
[Site "Piacenza ITA"]
[Date "2011.04.02"]
[Round "2"]
[White "Salami, Marco"]
[Black "Falsetti, Paolo"]
[Result "1-0"]
[WhiteElo "2206"]
[BlackElo "1887"]
[PlyCount "75"]
[EventDate "2011.04.01"]

1. d4 Nf6 2. c4 e6 3. Nc3 Bb4 4. f3 O-O 5. a3 Bxc3+ 6. bxc3 c5 7. e3 d6 8. Bd3
Nc6 9. Ne2 e5 10. d5 Ne7 11. Ng3 Bd7 12. a4 a6 13. a5 b5 14. axb6 Qxb6 15. O-O
Rfb8 16. Bd2 Ra7 17. Qc2 Qb3 18. Rfb1 Ba4 19. Rxb3 Bxb3 20. Qc1 a5 21. Qf1 a4
22. Bc1 Rab7 23. f4 Nd7 24. Ne4 Rb6 25. Qe2 f5 26. Ng5 e4 27. Bc2 Nf6 28. Bxb3
axb3 29. Bb2 R6b7 30. h3 h6 31. Ne6 Kf7 32. g4 g6 33. g5 Nfxd5 34. cxd5 Nxd5
35. Nxc5 dxc5 36. Qc4 Ke6 37. gxh6 Kd6 38. Rd1 1-0

[Event "C.to Provinciale PC"]
[Site "Piacenza ITA"]
[Date "2011.04.02"]
[Round "3"]
[White "Bonade', Massimo"]
[Black "Salami, Marco"]
[Result "1/2-1/2"]
[WhiteElo "2073"]
[BlackElo "2206"]
[PlyCount "53"]
[EventDate "2011.04.01"]

1. d4 f5 2. g3 Nf6 3. Bg2 e6 4. c4 d5 5. b3 c6 6. Nh3 Bb4+ 7. Bd2 Bd6 8. Bf4
O-O 9. O-O b6 10. Qc2 Bb7 11. Nc3 Na6 12. cxd5 cxd5 13. Nb5 Bxf4 14. Nxf4 Qd7
15. Nc3 Rfc8 16. Qb2 Ne4 17. Nxe4 dxe4 18. h4 Nb4 19. Rac1 Nd5 20. Nxd5 Bxd5
21. e3 Rab8 22. Rxc8+ Rxc8 23. Rc1 Rc7 24. Bf1 Qc8 25. Rxc7 Qxc7 26. b4 Kf7 27.
a3 1/2-1/2

[Event "C.to Provinciale PC"]
[Site "Piacenza ITA"]
[Date "2011.04.02"]
[Round "3"]
[White "De Santis, Alessio"]
[Black "Castrogiovanni, Carlo"]
[Result "1-0"]
[WhiteElo "2295"]
[BlackElo "2031"]
[PlyCount "69"]
[EventDate "2011.04.01"]

1. d4 Nf6 2. c4 c5 3. d5 b5 4. cxb5 a6 5. b6 d6 6. Nc3 Qxb6 7. Nf3 g6 8. Nd2
Bg7 9. e4 O-O 10. Nc4 Qc7 11. Be2 Nfd7 12. O-O Ne5 13. Ne3 Ned7 14. a4 a5 15.
Nb5 Qd8 16. Kh1 Ba6 17. f4 Bxb5 18. Bxb5 Na6 19. Nc4 Nb4 20. Bxd7 Qxd7 21. Nb6
Qb7 22. Nxa8 Rxa8 23. Ra3 c4 24. Raf3 Nd3 25. Qc2 Rc8 26. b3 Nb4 27. Qf2 Nd3
28. Qc2 Nb4 29. Qe2 c3 30. f5 c2 31. fxg6 fxg6 32. Rf7 Qb8 33. Qg4 Be5 34. Qe6
Kh8 35. Qxe7 1-0

[Event "C.to Provinciale PC"]
[Site "Piacenza ITA"]
[Date "2011.04.02"]
[Round "3"]
[White "Falsetti, Paolo"]
[Black "Pinna, Ferdinando"]
[Result "1-0"]
[WhiteElo "1887"]
[BlackElo "1885"]
[PlyCount "47"]
[EventDate "2011.04.01"]

1. f4 d5 2. e3 Nf6 3. b3 c5 4. Bb2 Nc6 5. Bb5 Bd7 6. Nf3 e6 7. O-O Bd6 8. d3
O-O 9. Nbd2 a6 10. Bxc6 Bxc6 11. Ne5 Nd7 12. Qg4 Nxe5 13. fxe5 Be7 14. Rf3 Kh8
15. Raf1 Be8 16. Qxe6 Rg8 17. Qg4 Qc8 18. Qh5 Qe6 19. Rh3 h6 20. Rf6 Bxf6 21.
exf6 Kh7 22. Nf3 Qxe3+ 23. Kf1 Qf4 24. Rh4 1-0

[Event "C.to Provinciale PC"]
[Site "Piacenza ITA"]
[Date "2011.04.02"]
[Round "3"]
[White "Rizzi, Pietro"]
[Black "Bongiorni, Gabriele"]
[Result "0-1"]
[WhiteElo "1598"]
[BlackElo "1790"]
[PlyCount "52"]
[EventDate "2011.04.01"]

1. e4 c5 2. c3 g6 3. d4 cxd4 4. cxd4 Bg7 5. Nf3 Nc6 6. Nc3 d6 7. Be3 Nf6 8. h3
Bd7 9. Bb5 O-O 10. Qd2 a6 11. Be2 b5 12. a3 Na5 13. Qd1 Nc4 14. Bxc4 bxc4 15.
e5 Ne8 16. Qd2 Rb8 17. g4 Nc7 18. exd6 exd6 19. O-O Qc8 20. Nh2 Qb7 21. Rab1
Bc6 22. f3 Nd5 23. Nxd5 Bxd5 24. h4 Rfe8 25. Rf2 Qb3 26. Re2 c3 0-1

[Event "C.to Provinciale PC"]
[Site "Piacenza ITA"]
[Date "2011.04.02"]
[Round "3"]
[White "Tagliaferri, Valerio"]
[Black "Losi, Paolo"]
[Result "1-0"]
[WhiteElo "1852"]
[BlackElo "1572"]
[PlyCount "67"]
[EventDate "2011.04.01"]

1. c4 c5 2. Nc3 Nc6 3. g3 Nf6 4. Bg2 g6 5. d3 Bg7 6. e4 d6 7. Nge2 O-O 8. O-O
e5 9. a3 a6 10. Rb1 Ne8 11. b4 cxb4 12. axb4 b5 13. cxb5 axb5 14. Nxb5 Rb8 15.
Nec3 Ba6 16. Na3 Rxb4 17. Rxb4 Nxb4 18. Qa4 Qb6 19. Be3 Qc6 20. Qxb4 Bxd3 21.
Rd1 Ba6 22. Nd5 Qd7 23. Nc4 Bxc4 24. Qxc4 Kh8 25. Nb6 Qd8 26. Qc8 Nc7 27. Qxd8
Rxd8 28. Nc4 Bf8 29. Bb6 Rc8 30. Nxd6 Bxd6 31. Rxd6 Ne6 32. Bh3 Rc1+ 33. Kg2
Ng5 34. Be3 1-0

[Event "C.to Provinciale PC"]
[Site "Piacenza ITA"]
[Date "2011.04.02"]
[Round "4"]
[White "Bongiorni, Gabriele"]
[Black "Tagliaferri, Valerio"]
[Result "1-0"]
[WhiteElo "1790"]
[BlackElo "1852"]
[PlyCount "107"]
[EventDate "2011.04.01"]

1. d4 Nf6 2. c4 e6 3. g3 c5 4. Nf3 d5 5. Bg2 cxd4 6. Nxd4 Nc6 7. O-O Bc5 8. e3
Bd7 9. Nc3 O-O 10. cxd5 exd5 11. Nb3 Bb4 12. Nxd5 Nxd5 13. Bxd5 Bh3 14. Bg2 Qc8
15. Bd2 Rd8 16. Qe2 Bxg2 17. Kxg2 Be7 18. Rac1 Qe6 19. Bc3 a5 20. Qf3 Rab8 21.
Nxa5 Nxa5 22. Bxa5 Rd5 23. Bc3 Rf5 24. Qe2 Qxa2 25. Qg4 Rg5 26. Qd7 Qd5+ 27.
Qxd5 Rxd5 28. Rfd1 Rxd1 29. Rxd1 f6 30. Rd7 Kf8 31. f4 Bc5 32. Kf3 Be7 33. e4
Ke8 34. Rd5 b6 35. e5 Rb7 36. exf6 Bxf6 37. Bxf6 gxf6 38. Kg4 Ke7 39. Kf5 Rc7
40. Rb5 Rc6 41. h4 Kf7 42. g4 Rd6 43. Ke4 Kg6 44. f5+ Kg7 45. Rd5 Rc6 46. Rd7+
Kh6 47. b4 Rc4+ 48. Rd4 Rc1 49. Kd5 Rh1 50. Ke6 Kg7 51. Rd7+ Kh6 52. Kxf6 Rxh4
53. g5+ Kh5 54. Rxh7+ 1-0

[Event "C.to Provinciale PC"]
[Site "Piacenza ITA"]
[Date "2011.04.02"]
[Round "4"]
[White "Falsetti, Paolo"]
[Black "Bonade', Massimo"]
[Result "0-1"]
[WhiteElo "1887"]
[BlackElo "2073"]
[PlyCount "94"]
[EventDate "2011.04.01"]

1. f4 d5 2. e3 g6 3. Nf3 Bg7 4. d4 c5 5. c3 Nh6 6. Bd3 Bf5 7. O-O O-O 8. Re1
Nc6 9. a3 Qb6 10. b4 cxb4 11. cxb4 Bxd3 12. Qxd3 Nf5 13. Ra2 Nd6 14. Nbd2 a5
15. Ne5 Rfd8 16. Rb2 axb4 17. Nxc6 Qxc6 18. Rxb4 Rdc8 19. Qb3 Ra5 20. Qa2 Rb5
21. Rxb5 Qxb5 22. Nf1 e6 23. Bd2 Qd3 24. Bb4 Nc4 25. Qb1 Qxb1 26. Rxb1 Ra8 27.
Bc5 b6 28. Bb4 Bf8 29. Kf2 Bxb4 30. axb4 Ra2+ 31. Kf3 h5 32. g3 Kf8 33. g4
hxg4+ 34. Kxg4 Ke7 35. Kg3 Ra3 36. Kf2 Kd6 37. h4 Ke7 38. Ke2 Kf6 39. Kf2 Ra2+
40. Kf3 Kg7 41. Rb3 Kh6 42. Kg4 Ra1 43. Ng3 f5+ 44. Kh3 Re1 45. h5 gxh5 46. Kh4
Rxe3 47. b5 Rxb3 0-1

[Event "C.to Provinciale PC"]
[Site "Piacenza ITA"]
[Date "2011.04.02"]
[Round "4"]
[White "Pinna, Ferdinando"]
[Black "Losi, Paolo"]
[Result "1-0"]
[WhiteElo "1885"]
[BlackElo "1572"]
[PlyCount "135"]
[EventDate "2011.04.01"]

1. e4 c5 2. Nf3 Nc6 3. d4 cxd4 4. Nxd4 Nf6 5. Nc3 a6 6. Be2 d6 7. Be3 e5 8. Nb3
Be6 9. O-O d5 10. exd5 Nxd5 11. Nxd5 Qxd5 12. c4 Qxd1 13. Rfxd1 Rc8 14. Rac1 f5
15. g3 Kf7 16. Nc5 Bxc5 17. Bxc5 Rhd8 18. Bb6 Rd7 19. b3 e4 20. f3 Re8 21.
Rxd7+ Bxd7 22. Rd1 Nb8 23. fxe4 fxe4 24. Kf2 Bc6 25. Bg4 g6 26. h4 h5 27. Bh3
Kf6 28. Ke3 Kg7 29. Ba7 Kf6 30. Rd6+ Kf7 31. Rd4 Kf6 32. Bxb8 Rxb8 33. Bg2 Re8
34. Bxe4 Bxe4 35. Rxe4 Rd8 36. Rd4 Re8+ 37. Kf4 Re2 38. Rd6+ Kf7 39. Rd7+ Kf6
40. Rxb7 Rf2+ 41. Ke4 Re2+ 42. Kf3 Rxa2 43. Rb6+ Kf5 44. c5 Rc2 45. b4 Rc3+ 46.
Kg2 a5 47. bxa5 Rxc5 48. Ra6 Rc3 49. Kh3 Ra3 50. Ra8 Kf6 51. a6 Kf7 52. Kg2 Kg7
53. Kf2 Kf7 54. Ra7+ Kf6 55. Ra8 Kf7 56. a7 Kg7 57. Ke2 Ra2+ 58. Ke3 Ra3+ 59.
Kd4 Rxg3 60. Rg8+ Kxg8 61. a8=Q+ Kh7 62. Qb7+ Kh6 63. Qe7 Rg4+ 64. Ke3 Rg3+ 65.
Kf2 Rg4 66. Kf3 Ra4 67. Qd8 Rg4 68. Qh8# 1-0

[Event "C.to Provinciale PC"]
[Site "Piacenza ITA"]
[Date "2011.04.02"]
[Round "4"]
[White "Salami, Marco"]
[Black "De Santis, Alessio"]
[Result "0-1"]
[WhiteElo "2206"]
[BlackElo "2295"]
[PlyCount "120"]
[EventDate "2011.04.01"]

1. d4 d5 2. c4 dxc4 3. e4 Nf6 4. Nc3 e5 5. Nf3 exd4 6. Qxd4 Qxd4 7. Nxd4 Bc5 8.
Ndb5 Na6 9. Bxc4 c6 10. Na3 b5 11. Naxb5 cxb5 12. Bxb5+ Nd7 13. Bf4 O-O 14. Bc6
Rb8 15. Bxb8 Naxb8 16. Bb5 a6 17. Ba4 Nb6 18. O-O Bd4 19. Bb3 Nc6 20. Rad1 Be5
21. Nd5 Nxd5 22. Bxd5 Nb4 23. Rd2 Nxd5 24. exd5 Bd6 25. Rfd1 Rd8 26. a3 a5 27.
Re1 Bd7 28. Rc2 Kf8 29. f3 h5 30. g3 g6 31. Kf2 Rb8 32. Ree2 h4 33. Red2 hxg3+
34. hxg3 g5 35. Kg2 Rb3 36. Rc4 g4 37. f4 Ke7 38. Re4+ Kd8 39. Rc4 Bf5 40. Ra4
Rb5 41. Rc4 Bd7 42. Rc1 Rb3 43. Rc4 Re3 44. Kf2 Rb3 45. Kg2 a4 46. Re4 f5 47.
Rc4 Bb5 48. Rc1 Bd3 49. Kh2 Kd7 50. Rc6 Be4 51. Rc3 Rb8 52. Kg1 Rh8 53. Kf2 Bc7
54. Rc6 Ba5 55. Rd4 Rh2+ 56. Ke3 Rxb2 57. Rxa4 Bb6+ 58. Rxb6 Rxb6 59. Kd4 Rb5
60. Ra7+ Kc8 0-1

[Event "C.to Provinciale PC"]
[Site "Piacenza ITA"]
[Date "2011.04.03"]
[Round "5"]
[White "De Santis, Alessio"]
[Black "Bonade', Massimo"]
[Result "1-0"]
[WhiteElo "2295"]
[BlackElo "2073"]
[PlyCount "77"]
[EventDate "2011.04.01"]

1. d4 Nf6 2. c4 e6 3. Nc3 Bb4 4. Qc2 O-O 5. a3 Bxc3+ 6. Qxc3 d5 7. cxd5 Ne4 8.
Qc2 exd5 9. Bf4 c6 10. e3 Nd7 11. Bd3 Re8 12. Nf3 Nf8 13. h3 Ng6 14. Bh2 Nh4
15. Nxh4 Qxh4 16. O-O Re6 17. f3 Nd6 18. Rae1 Bd7 19. Qc5 Qe7 20. e4 dxe4 21.
fxe4 Nc8 22. Bc4 Qxc5 23. dxc5 Re7 24. Rd1 Be8 25. Rd8 Nb6 26. Rxe8+ Raxe8 27.
cxb6 axb6 28. Bd6 Rd7 29. e5 b5 30. e6 Rxd6 31. exf7+ Kf8 32. fxe8=Q+ Kxe8 33.
Bb3 c5 34. Re1+ Kf8 35. Rd1 Rb6 36. Bd5 Ke7 37. Kf2 Kf6 38. Ke3 Ke5 39. Be4 1-0

[Event "C.to Provinciale PC"]
[Site "Piacenza ITA"]
[Date "2011.04.03"]
[Round "5"]
[White "Losi, Paolo"]
[Black "Bongiorni, Gabriele"]
[Result "1/2-1/2"]
[WhiteElo "1572"]
[BlackElo "1790"]
[PlyCount "77"]
[EventDate "2011.04.01"]

1. d4 Nf6 2. c4 d5 3. Nc3 Bf5 4. Nf3 c6 5. Bg5 e6 6. e3 Be7 7. cxd5 exd5 8. Bd3
Bxd3 9. Qxd3 Nbd7 10. O-O O-O 11. Rac1 Re8 12. a3 a5 13. a4 h6 14. Bh4 Nh7 15.
Bg3 Ndf6 16. h3 Bd6 17. Bxd6 Qxd6 18. Nd2 Ng5 19. f4 Nge4 20. Ncxe4 Nxe4 21.
Nxe4 Rxe4 22. Rc5 Rae8 23. Rf3 b6 24. Rc3 c5 25. dxc5 bxc5 26. Qb5 Rb8 27. Qxc5
Qxc5 28. Rxc5 Rxb2 29. Rxa5 Rc4 30. Rxd5 Rxa4 31. Rd8+ Kh7 32. Rd7 Kg8 33. h4
Ra1+ 34. Kh2 Kf8 35. Rd3 Rbb1 36. Rh3 Rb2 37. h5 Raa2 38. Rg3 Ra5 39. Rh3
1/2-1/2

[Event "C.to Provinciale PC"]
[Site "Piacenza ITA"]
[Date "2011.04.03"]
[Round "5"]
[White "Pinna, Ferdinando"]
[Black "Salami, Marco"]
[Result "1-0"]
[WhiteElo "1885"]
[BlackElo "2206"]
[PlyCount "51"]
[EventDate "2011.04.01"]

1. e4 e6 2. d4 d5 3. Nc3 Nf6 4. e5 Nfd7 5. f4 c5 6. Nf3 Nc6 7. Be3 Be7 8. Qd2
O-O 9. O-O-O c4 10. Kb1 b5 11. f5 b4 12. Ne2 c3 13. Qe1 exf5 14. Qg3 cxb2 15.
Bh6 g6 16. Nf4 Nb6 17. h4 Na4 18. Rd3 Ba6 19. h5 Bxd3 20. hxg6 Bxc2+ 21. Kxc2
b3+ 22. axb3 Nxd4+ 23. Nxd4 fxg6 24. Nxg6 Kf7 25. e6+ Ke8 26. Bb5+ 1-0

[Event "C.to Provinciale PC"]
[Site "Piacenza ITA"]
[Date "2011.04.03"]
[Round "5"]
[White "Tagliaferri, Valerio"]
[Black "Falsetti, Paolo"]
[Result "1-0"]
[WhiteElo "1852"]
[BlackElo "1887"]
[PlyCount "95"]
[EventDate "2011.04.01"]

1. e4 Nc6 2. d4 e5 3. c3 d5 4. dxe5 dxe4 5. Qxd8+ Kxd8 6. Bf4 Bc5 7. Nd2 f5 8.
b4 Bb6 9. a4 a5 10. b5 Nce7 11. Nc4 Bc5 12. Bg3 Nd5 13. O-O-O Be6 14. Nh3 Nge7
15. Nf4 Kd7 16. h4 Bg8 17. e6+ Bxe6 18. Ne5+ Kd6 19. Nxd5 Nxd5 20. c4 Bxf2 21.
Bxf2 Kxe5 22. cxd5 Bxd5 23. Bd4+ Ke6 24. Bxg7 Rhd8 25. Kb2 f4 26. Bh6 Kf5 27.
Bg5 Rd6 28. Be2 Re8 29. Rhf1 f3 30. gxf3 e3 31. Bd3+ Ke6 32. Rde1 Kf7 33. Rxe3
Rxe3 34. Bxe3 Bb3 35. Bxh7 Bxa4 36. b6 cxb6 37. Be4 Bd1 38. h5 a4 39. h6 Be2
40. Rg1 Rd8 41. h7 Bc4 42. Bd4 b5 43. h8=Q Rxh8 44. Bxh8 b4 45. Rg7+ Ke6 46.
Rxb7 a3+ 47. Kb1 b3 48. Rb4 1-0